Представление документа в формате MARC21

Поле Инд. ПП Название Значение
Тип записи a
Библиографический уровень b
001 Контрольный номер UNIDUBNA9d5aa1f47332411ab426963ecf1df47b
005 Дата корректировки 20250918154849.5
008 Кодируемые данные 20170331
040 b Код языка каталог. rus
e Правила каталог. PSBO
041 0_ a Код языка текста rus
084 a Индекс другой классификации/Индекс ББК 60.992
100 1_ a Автор Кузьменко А. А.
245 10 a Заглавие Активное долголетие - не миф, а реальность!
520 0_ a Аннотация О работе центра социального обслуживания населения, где пожилой возраст перестал быть возрастом ограничений, снижения возможностей и качества жизни пожилых людей, чтобы пенсионеры могли вести активную социальную жизнь: общаться, развиваться, заниматься хобби, тренироваться, интересно проводить досуг и помогать нуждающимся.
650 14 a Основная рубрика социальная работа
653 0_ a Ключевые слова "серебряное волонтерство"
a Ключевые слова активное долголетие
a Ключевые слова волонтерство
a Ключевые слова здоровый образ жизни
a Ключевые слова качество жизни
a Ключевые слова коррекционно-реабилитационная работа
a Ключевые слова культурно-досуговая деятельность
a Ключевые слова общение
a Ключевые слова отдых
a Ключевые слова пенсионеры
a Ключевые слова пожилые люди
a Ключевые слова психологическое здоровье
a Ключевые слова психосоциальная реабилитация
a Ключевые слова реабилитационные технологии
a Ключевые слова социальная среда
a Ключевые слова социальные проекты
a Ключевые слова социальный туризм
a Ключевые слова физическая активность
a Ключевые слова центры социально-психологической помощи
773 08 t Заглавие источника Работник социальной службы
d Дата издания источника 2023
g Прочая информация № 1. - С. 62 - 67
w Контрольный № источника UNIDUBNAd55c988047cf427e89d450b488b4e4c9
901 t Тип документа b